| 000 | 00357nam a2200133Ia 4500 | ||
|---|---|---|---|
| 100 | _aMoskvin/ V. & others | ||
| 942 | _cBK | ||
| 654 | _aConcretes Deterioration & Protection | ||
| 245 | _aConcrete and Reinforced Concretes Deterioration & Protection | ||
| 260 |
_bMir Publishers _aMoscow _c1983 |
||
| 082 | _a624.1834 | ||
| 300 | _a399 | ||
| 546 | _aENGLISH | ||
| 999 |
_c19135 _d19135 |
||